Titres de gims - mort subite - Statistiques

Statistiques générales
  • Ce quiz a été pris 3 666 fois
  • Le résultat moyen est 12 sur 17
Answers on the Grid
Answers color-coded by a green-red scale on the quiz's grid according to % correct below.
Ciel
Zombie
Sainte Maxime
J'me tire
Tu vas me manquer
Caruso
Caméléon
Bella
On dirait
Corazón
L'enfer
Laissez Passer
Ne me quitte pas
Game Over
Encore
Sous le vent
Et bam
La même
Sapés comme jamais
Hola Señorita
Dernier métro
Si on disait
Je te pardonne
Adieu
Tout donner
Comme d'habitude
Le lac
French kiss
Tu ne le vois pas
Adieu nous deux
Est-ce que tu m'aimes?
Encore et encore
 
Statistiques - réponses
Réponse % Correct
Ciel
98%
Bella
95%
J'me tire
94%
Zombie
91%
Sapés comme jamais
81%
Tu vas me manquer
80%
Est-ce que tu m'aimes?
76%
Caméléon
74%
Game Over
72%
Tout donner
68%
Corazón
64%
Laissez Passer
64%
La même
60%
Hola Señorita
54%
Je te pardonne
45%
Tu ne le vois pas
29%
Dernier métro
24%
Aucun quiz correspondant
Distribution des résultats
% des personnes avec chaque résultat
Percentile par nombre de réponses
Votre historique - résultats
Vous n’avez pas pris ce quiz